[Event "Azov Don Cup"]
[Site "Azov"]
[Date "2011.07.15"]
[Round "8"]
[White "Kulygin, Evgeniy"]
[Black "Igdirov, Boris"]
[Result "1-0"]
[WhiteElo "2118"]
[BlackElo "2097"]
[PlyCount "81"]
[EventDate "2011.07.09"]
[EventType "swiss"]
[EventRounds "9"]
[EventCountry "RUS"]
[SourceTitle "EXT 2012"]
[Source "ChessBase"]
[SourceDate "2011.11.24"]
[SourceVersion "1"]
[SourceVersionDate "2011.11.24"]
[SourceQuality "1"]

1. d4 d5 2. Nf3 c6 3. c4 e6 4. Nc3 dxc4 5. a4 Bb4 6. e3 b5 7. Bd2 a5 8. axb5 Bxc3 9. Bxc3 cxb5 10. b3 Bb7 11. d5 Nf6 12. bxc4 b4 13. Bxf6 Qxf6 14. Qa4+ Ke7 15. Nd4 Rc8 16. Qb5 Rc7 17. Rxa5 Na6 18. Qb6 Rd7 19. d6+ Kf8 20. c5 Qd8 21. Qxd8+ Rdxd8 22. c6 Bxc6 23. Nxc6 Rxd6 24. Nxb4 Nc7 25. Rxa8+ Nxa8 26. Nd3 Ra6 27. Be2 Ra1+ 28. Bd1 Nb6 29. 0-0 Ke7 30. Bf3 Rxf1+ 31. Kxf1 Nc4 32. Ke2 h6 33. h4 Kf6 34. g4 Ke7 35. Bg2 Kf6 36. f4 Ke7 37. Ne5 Nd6 38. h5 Kf6 39. Kd3 Nc8 40. Kd4 Ne7 41. Nd7# 1-0

[Event "Voronezh op-B 14th"]
[Site "Voronezh"]
[Date "2010.06.20"]
[Round "8"]
[White "Kovalenko, Sergey"]
[Black "Igdirov, Boris"]
[Result "1/2-1/2"]
[WhiteElo "2184"]
[BlackElo "2131"]
[PlyCount "67"]
[EventDate "2010.06.12"]
[EventType "swiss"]
[EventRounds "9"]
[EventCountry "RUS"]
[SourceTitle "CBM 137 Extra"]
[Source "ChessBase"]
[SourceDate "2010.09.01"]
[SourceVersion "1"]
[SourceVersionDate "2010.09.01"]
[SourceQuality "1"]

1. Nf3 d5 2. c4 c6 3. b3 Nf6 4. Bb2 e6 5. e3 Nbd7 6. Be2 Bd6 7. d4 0-0 8. 0-0 Ne4 9. Nbd2 f5 10. Ne5 Rf6 11. f4 Rh6 12. Nxe4 Bxe5 13. dxe5 fxe4 14. Qe1 Nf8 15. cxd5 cxd5 16. Bg4 Bd7 17. Qf2 Ng6 18. Rac1 Ne7 19. Rc5 Rc8 20. Rfc1 Rxc5 21. Rxc5 Nc6 22. g3 g5 23. f5 exf5 24. Bxf5 Qf8 25. e6 Qxc5 26. exd7 Qe7 27. Qd2 d4 28. exd4 e3 29. Qe2 Rf6 30. Bd3 Rf2 31. Bc4+ Kf8 32. Qh5 Rxb2 33. Qh6+ Qg7 34. Qd6+ 1/2-1/2

[Event "Voronezh op-B 14th"]
[Site "Voronezh"]
[Date "2010.06.19"]
[Round "7"]
[White "Igdirov, Boris"]
[Black "Manukovsky, Vladimir"]
[Result "0-1"]
[WhiteElo "2131"]
[BlackElo "2259"]
[PlyCount "62"]
[EventDate "2010.06.12"]
[EventType "swiss"]
[EventRounds "9"]
[EventCountry "RUS"]
[SourceTitle "CBM 137 Extra"]
[Source "ChessBase"]
[SourceDate "2010.09.01"]
[SourceVersion "1"]
[SourceVersionDate "2010.09.01"]
[SourceQuality "1"]

1. d4 Nf6 2. c4 d6 3. Nc3 e5 4. dxe5 dxe5 5. Qxd8+ Kxd8 6. Nf3 Nfd7 7. g3 f6 8. Bh3 c6 9. e3 Kc7 10. Ke2 a5 11. b3 Na6 12. Bb2 Bb4 13. Ne4 Ndc5 14. Nxc5 Bxh3 15. Nxa6+ Rxa6 16. a3 Be7 17. Ne1 Rb6 18. Rb1 Bf5 19. Nd3 Rd8 20. Rhd1 e4 21. Ne1 Bg4+ 22. f3 exf3+ 23. Kf2 Rxd1 24. Rxd1 Rxb3 25. Bc1 Bxa3 26. Bxa3 Rxa3 27. Nxf3 a4 28. Rd4 Ra2+ 29. Rd2 Rxd2+ 30. Nxd2 a3 31. Nb3 Be6 0-1

[Event "Voronezh op-B 14th"]
[Site "Voronezh"]
[Date "2010.06.15"]
[Round "4"]
[White "Degtiarev, Viktor"]
[Black "Igdirov, Boris"]
[Result "0-1"]
[WhiteElo "1869"]
[BlackElo "2131"]
[PlyCount "42"]
[EventDate "2010.06.12"]
[EventType "swiss"]
[EventRounds "9"]
[EventCountry "RUS"]
[SourceTitle "CBM 137 Extra"]
[Source "ChessBase"]
[SourceDate "2010.09.01"]
[SourceVersion "1"]
[SourceVersionDate "2010.09.01"]
[SourceQuality "1"]

1. e4 c5 2. Nf3 d6 3. d4 cxd4 4. Nxd4 Nf6 5. Nc3 g6 6. f4 Nc6 7. Be2 Bg7 8. Be3 0-0 9. h3 Qb6 10. Nxc6 Qxe3 11. Nxe7+ Kh8 12. Qd3 Qxf4 13. Rf1 Qe5 14. Nxc8 Raxc8 15. 0-0-0 Rc6 16. Bf3 Rfc8 17. Qd4 Qg5+ 18. Qd2 Qe5 19. Qd4 Qg5+ 20. Qd2 Qa5 21. Nb1 Bf8 0-1

[Event "Voronezh op-B 14th"]
[Site "Voronezh"]
[Date "2010.06.14"]
[Round "3"]
[White "Igdirov, Boris"]
[Black "Chigaeva, Anastasia"]
[Result "1-0"]
[WhiteElo "2131"]
[BlackElo "1741"]
[PlyCount "109"]
[EventDate "2010.06.12"]
[EventType "swiss"]
[EventRounds "9"]
[EventCountry "RUS"]
[SourceTitle "CBM 137 Extra"]
[Source "ChessBase"]
[SourceDate "2010.09.01"]
[SourceVersion "1"]
[SourceVersionDate "2010.09.01"]
[SourceQuality "1"]

1. d4 Nf6 2. c4 e5 3. dxe5 Ng4 4. Bf4 Nc6 5. Nf3 Bb4+ 6. Nbd2 Qe7 7. e3 Ngxe5 8. Nxe5 Nxe5 9. Be2 0-0 10. 0-0 Bxd2 11. Qxd2 d6 12. Rac1 b6 13. b4 a5 14. a3 Bb7 15. Rfd1 Rfe8 16. Qc3 Ng6 17. Bg3 axb4 18. axb4 Ra2 19. Bf1 Rea8 20. c5 dxc5 21. bxc5 bxc5 22. Qxc5 Qxc5 23. Rxc5 Ra1 24. Rcc1 Rxc1 25. Rxc1 c6 26. Rb1 Bc8 27. Be2 Bf5 28. Rc1 h6 29. h3 Bd7 30. Bf3 Rc8 31. Kf1 Ne7 32. Ke2 Nd5 33. Rc5 Ne7 34. Bd6 Ng6 35. Ra5 Nh4 36. Be4 Re8 37. Re5 Rxe5 38. Bxe5 f5 39. Bd3 Ng6 40. Bd4 Ne7 41. Bc4+ Kf8 42. Bc5 Ke8 43. Kd3 Ng6 44. Bd4 Kf8 45. Bc5+ Ke8 46. f4 Ne7 47. Kd4 Ng6 48. g3 Nh8 49. h4 Nf7 50. Kc3 Nd8 51. Bd4 Kf8 52. Bc5+ Ke8 53. h5 Ne6 54. Bd6 Nd8 55. Kd3 1-0

[Event "Voronezh op-B 14th"]
[Site "Voronezh"]
[Date "2010.06.13"]
[Round "2"]
[White "Kutliev, Rustam"]
[Black "Igdirov, Boris"]
[Result "1/2-1/2"]
[WhiteElo "1746"]
[BlackElo "2131"]
[PlyCount "62"]
[EventDate "2010.06.12"]
[EventType "swiss"]
[EventRounds "9"]
[EventCountry "RUS"]
[SourceTitle "CBM 137 Extra"]
[Source "ChessBase"]
[SourceDate "2010.09.01"]
[SourceVersion "1"]
[SourceVersionDate "2010.09.01"]
[SourceQuality "1"]

1. d4 d5 2. Nf3 c6 3. c4 e6 4. Nc3 dxc4 5. a4 Bb4 6. e4 b5 7. Be2 Bb7 8. 0-0 a6 9. Bg5 Be7 10. Be3 Nf6 11. Ne5 Nbd7 12. f4 Qb6 13. Bf3 Nxe5 14. fxe5 Nd7 15. Qe2 c5 16. Qf2 cxd4 17. Bxd4 Bc5 18. Bxc5 Nxc5 19. axb5 axb5 20. Rxa8+ Bxa8 21. Bh5 0-0 22. Bxf7+ Kh8 23. Qd4 b4 24. Ne2 Bxe4 25. Bxe6 Rxf1+ 26. Kxf1 Qxe6 27. Qxc5 h6 28. Qxb4 Qxe5 29. Qxc4 Bd5 30. Qd4 Bxg2+ 31. Kxg2 Qxe2+ 1/2-1/2

[Event "RUS-chB U16"]
[Site "Dagomys"]
[Date "2009.04.16"]
[Round "2"]
[White "Obogoev, Boris"]
[Black "Igdirov, Boris"]
[Result "1-0"]
[WhiteElo "1892"]
[BlackElo "2128"]
[PlyCount "49"]
[EventDate "2009.04.15"]
[EventType "swiss"]
[EventRounds "9"]
[EventCountry "RUS"]
[SourceTitle "EXT 2010"]
[Source "ChessBase"]
[SourceDate "2010.11.25"]
[SourceVersion "1"]
[SourceVersionDate "2010.11.25"]
[SourceQuality "1"]

1. d4 d5 2. Nf3 c6 3. e3 Nf6 4. Bd3 e6 5. Nbd2 Nbd7 6. b3 Be7 7. Bb2 0-0 8. 0-0 c5 9. Ne5 Nxe5 10. dxe5 Nd7 11. f4 f6 12. exf6 Nxf6 13. Rf3 g6 14. Rg3 Qe8 15. h4 Ne4 16. Bxe4 dxe4 17. h5 e5 18. hxg6 hxg6 19. Bxe5 Bh4 20. Qh5 Bf5 21. Qxh4 Qd8 22. Qh6 Kf7 23. Nc4 Ke6 24. Nd6 Qe7 25. Nxf5 1-0

[Event "Anapa op"]
[Site "Anapa"]
[Date "2008.09.08"]
[Round "9"]
[White "Schur, Alexander"]
[Black "Igdirov, Boris"]
[Result "0-1"]
[WhiteElo "2011"]
[BlackElo "2137"]
[PlyCount "80"]
[EventDate "2008.08.31"]
[EventType "swiss"]
[EventRounds "9"]
[EventCountry "RUS"]
[SourceTitle "EXT 2010"]
[Source "ChessBase"]
[SourceDate "2010.11.25"]
[SourceVersion "1"]
[SourceVersionDate "2010.11.25"]
[SourceQuality "1"]

1. c4 e6 2. g3 d5 3. b3 c6 4. Bb2 Nf6 5. Nf3 Nbd7 6. Bg2 Be7 7. 0-0 0-0 8. e3 b6 9. d3 Bb7 10. Nbd2 c5 11. Qc2 Qc7 12. Rac1 Rac8 13. Qb1 Qb8 14. Qa1 Rfd8 15. Rfe1 Bf8 16. Ne5 Qa8 17. Nxd7 Nxd7 18. cxd5 Bxd5 19. e4 Bb7 20. a4 c4 21. Rxc4 Nc5 22. d4 Ba6 23. Rc3 Rxd4 24. Rxc5 Rxd2 25. Rg5 g6 26. Bc3 Rc2 27. Bd4 Qc6 28. e5 Qc7 29. Be4 Rc1 30. Rxc1 Qxc1+ 31. Qxc1 Rxc1+ 32. Kg2 h6 33. Rg4 h5 34. Be3 Re1 35. Rf4 Bh6 36. Rh4 Bxe3 37. fxe3 Rxe3 38. b4 g5 39. Rxh5 Rxe4 40. Rxg5+ Kf8 0-1